Farm woodland management (Record no. 89685)

MARC details
000 -LEADER
fixed length control field 00838cam a2200241 4500
008 - FIXED-LENGTH DATA ELEMENTS--GENERAL INFORMATION
fixed length control field 090401t1987 xxu||||| |||| 00| 0 eng d
020 ## - INTERNATIONAL STANDARD BOOK NUMBER
International Standard Book Number 0852361734
035 ## - SYSTEM CONTROL NUMBER
System control number (Sirsi) u32185
041 ## - LANGUAGE CODE
Language code of text/sound track or separate title eng
050 ## - LIBRARY OF CONGRESS CALL NUMBER
Classification number 333.75
-- 18
100 ## - MAIN ENTRY--PERSONAL NAME
Personal name Blyth, John
245 ## - TITLE STATEMENT
Title Farm woodland management
260 ## - PUBLICATION, DISTRIBUTION, ETC.
Place of publication, distribution, etc. Ipswich
Name of publisher, distributor, etc. Farming Press
Date of publication, distribution, etc. 1987
300 ## - PHYSICAL DESCRIPTION
Extent xii, 189p.
Other physical details ill.
Dimensions 24cm.
350 ## - PRICE (NR) (BK AM CF MU VM SE) [OBSOLETE]
Price 10.95
520 ## - SUMMARY, ETC.
Summary, etc. Considers the types and values of woodland, operations and improvement, hedgrows, starting from bare ground, finance and taxtion, yields and values and strategies for farm businesses including woodland.
690 ## - LOCAL SUBJECT ADDED ENTRY--TOPICAL TERM (OCLC, RLIN)
Topical term or geographic name as entry element ENVIRONMENTAL AND LAND CONSULTANCY-FORESTRY AND WOODLAND MANAGEMENT
700 ## - ADDED ENTRY--PERSONAL NAME
Personal name Evans, Julian
700 ## - ADDED ENTRY--PERSONAL NAME
Personal name Mutch, William E. S.
700 ## - ADDED ENTRY--PERSONAL NAME
Personal name Sidwell, Caroline
942 ## - ADDED ENTRY ELEMENTS (KOHA)
Suppress in OPAC 0
948 ## - LOCAL PROCESSING INFORMATION (OCLC); SERIES PART DESIGNATOR (RLIN)
c (OCLC) 04/03/1997
Holdings
Withdrawn status Lost status Source of classification or shelving scheme Damaged status Not for loan Home library Current library Shelving location Date acquired Cost, normal purchase price Total Checkouts Full call number Barcode Date last seen Copy number Cost, replacement price Price effective from Koha item type Date last checked out
    Dewey Decimal Classification     London London Books 14/09/1999 10.95   333.75 BLY 30002884 06/08/2019 1 10.95 06/08/2019 Book  
    Dewey Decimal Classification     London London Books 14/09/1999 10.95 17 333.75 BLY 30002885 06/08/2019 2 10.95 06/08/2019 Book 06/09/2004